Language Quiz

Random Language Quiz
Score 0/20 Timer 10:00
0 Plays Today
question answer % Correct
exeedexceed
95.2%
earieeerie
95.2%
disatisfydissatisfy
95.2%
exajerateexaggerate
90.5%
saissays
90.5%
dissapeardisappear
85.7%
dissapointdisappoint
85.7%
akwardawkward
85.7%
advantagousadvantageous
81%
biscitbiscuit
71.4%
question answer % Correct
acheeveachieve
71.4%
divitiondivision
71.4%
acrosacross
66.7%
benifitedbenefited
61.9%
conchenseconscience
61.9%
acsesaccess
57.1%
absensabsense
52.4%
dispeardespair
47.6%
seelingcieling
38.1%
asociatationassociatation
28.6%
Remove Ads.
Support Sporcle.
Get the best of Sporcle when you Go Orange. This ad-free experience offers more features, more stats, and more fun while also helping to support Sporcle. Thank you for becoming a member.

You're not logged in!

Compare scores with friends on all Sporcle quizzes.
OR
Log In

Sporcle TV

Today on Sporcle TV


Watch our educational content, quiz creation guides, and fun videos on Sporcle TV.

Show Comments

Extras

Created Jan 26, 2016ReportNominate
Tags:bear, Extra, Spelling

Top Quizzes Today


Score Distribution

Paid Content

Your Account Isn't Verified!

In order to create a playlist on Sporcle, you need to verify the email address you used during registration. Go to your Sporcle Settings to finish the process.

Report this User

Report this user for behavior that violates our Community Guidelines.

Details: